Music Trivia: 1988 songs and artists - Statistics

General Stats
  • This quiz has been taken 233 times
  • The average score is 9 of 15
Answer Stats
The 1988 song with this title... ...was sung by this group or artist % Correct
Never Gonna Give You Up Rick Astley
94%
Man in the Mirror Michael Jackson
93%
Fast Car Tracy Chapman
82%
Heaven is a Place On Earth Belinda Carlisle
79%
Kokomo The Beach Boys
78%
Got My Mind Set On You George Harrison
75%
Don't Worry, Be Happy Bobby McFerrin
71%
Hazy Shade of Winter The Bangles
61%
Orange Crush R.E.M.
55%
So Emotional Whitney Houston
54%
One Moment in Time Whitney Houston
52%
Tunnel of Love Bruce Springsteen
42%
Handle with Care Traveling Wilburys
34%
Make Me Lose Control Eric Carmen
23%
In Your Room The Bangles
21%
No matching quizzes found
Score Distribution
Percent of People with Each Score
Percentile by Number Answered
Your Score History
You have not taken this quiz